Practical Magic / (Record no. 22621)

000 -LEADER
fixed length control field 02563nam a22003257a 4500
005 - DATE AND TIME OF LATEST TRANSACTION
control field 20260416124834.0
008 - FIXED-LENGTH DATA ELEMENTS--GENERAL INFORMATION
fixed length control field 260416b xxu||||| |||| 00| 0 eng d
082 ## - DEWEY DECIMAL CLASSIFICATION NUMBER
Classification number 791.4372
Item number P8955
245 ## - TITLE STATEMENT
Title Practical Magic /
Statement of responsibility, etc directed by Griffin Dunne ; written by Alice Hoffman, Robin Swicord, Akiva Goldsman ; produced by Denise Di Novi.
260 ## - PUBLICATION, DISTRIBUTION, ETC. (IMPRINT)
Place of publication, distribution, etc United States :
Name of publisher, distributor, etc Warner Bros.,
Date of publication, distribution, etc 1998.
300 ## - PHYSICAL DESCRIPTION
Extent 1 videofile, (ca. 104 mins.) :
Other physical details sound, color.
520 ## - SUMMARY, ETC.
Summary, etc Sisters Sally Owens (Sandra Bullock) and Gillian Owens (Nicole Kidman) have a special bond with each other despite being different in personality and outlook. Having grown up with their spinster Aunt Frances (Stockard Channing) and Aunt Jet (Dianne Wiest) in the long time Owens family house on an island off the coast of Massachusetts following the death of their father and then their mother, they are the latest in a long line of witches. Rumors of the Owens women being witches have existed for generations in the small close-minded town in which they live, despite there being no hard evidence. The Owens women are also under a curse that any man with who they fall in love is doomed. With this experience, extroverted Gillian decides to leave the island to live life to the fullest, in the process, falling for Jimmy Angelov (Goran Visnjic), a Bulgarian who grew up near Transylvania. More introspective Sally, who has sworn off the use of magic except in its most practical sense, has taken measures not to fall in love because of the curse, but ends up falling for and marrying Michael (Mark Feuerstein), a local merchant, the two who end up having two daughters of their own. The curse works its way into Gillian's and Sally's lives in different ways. The outcomes of the curse on their collective lives become more complicated with the arrival into town of Tuscon Police Detective Gary Hallet (Aidan Quinn), whose arrival is not by accident and involves more than just his stated professional purpose. — Huggo
521 ## - TARGET AUDIENCE NOTE
Target audience note PG-13
546 ## - LANGUAGE NOTE
Language note In English subtitle.
655 ## - INDEX TERM--GENRE/FORM
Genre/form data or focus term Supernatuiral Fantasy,
655 ## - INDEX TERM--GENRE/FORM
Genre/form data or focus term Comedy,
655 ## - INDEX TERM--GENRE/FORM
Genre/form data or focus term Drama,
655 ## - INDEX TERM--GENRE/FORM
Genre/form data or focus term Fantasy,
655 ## - INDEX TERM--GENRE/FORM
Genre/form data or focus term Romance,
700 ## - ADDED ENTRY--PERSONAL NAME
Personal name Dunne, Griffin, director.
700 ## - ADDED ENTRY--PERSONAL NAME
Personal name Hoffman, Alice, writer.
700 ## - ADDED ENTRY--PERSONAL NAME
Personal name Swicord, Robin, writer.
700 ## - ADDED ENTRY--PERSONAL NAME
Personal name Goldsman, Akiva, writer.
700 ## - ADDED ENTRY--PERSONAL NAME
Personal name Bullock, Sandra, star.
700 ## - ADDED ENTRY--PERSONAL NAME
Personal name Kidman, Nicole, star.
700 ## - ADDED ENTRY--PERSONAL NAME
Personal name Channing, Stockard, star.
700 ## - ADDED ENTRY--PERSONAL NAME
Personal name Dunn, Andrew, cinematography.
700 ## - ADDED ENTRY--PERSONAL NAME
Personal name Kling, Elizabeth, editor.
942 ## - ADDED ENTRY ELEMENTS (KOHA)
Source of classification or shelving scheme
Item type Audio-Visual Materials
Holdings
Source of acquisition Price effective from Permanent location Date last seen Not for loan Date acquired Source of classification or shelving scheme Koha item type Collection code Shelving location Damaged status Lost status Withdrawn status Current location Full call number
Donations2026-04-16Cagayan State University - Carig Library2026-04-16 2026-04-16 Audio-Visual MaterialsElectronic Media CenterElectronic Media Center   Cagayan State University - Carig Library791.4372 P8955

Cagayan State University University Library, Carig Campus
Tuguegarao City, Cagayan 3500 | www.csucarig.edu.ph

Powered by Koha